駅利用者数ランキングTOP100(福岡県) - Statistics

General Stats
  • This quiz has been taken 225 times
  • The average score is 57 of 100
Answer Stats
駅名 利用者数 % Correct
1 博多 464424
100%
3 小倉 122824
98%
2 天神 129876
97%
41 久留米 14588
95%
4 福岡空港 57142
91%
5 姪浜 49848
91%
58 門司 11236
91%
70 門司港 9552
89%
16 折尾 27966
85%
9 中洲川端 34426
84%
17 香椎 26940
84%
15 西鉄久留米 28355
82%
53 大牟田 12142
82%
10 黒崎 33793
81%
67 西小倉 9624
80%
13 貝塚 29961
78%
14 吉塚 29734
75%
7 天神南 41480
74%
32 福間 17098
74%
35 大野城 15646
74%
75 春日 8882
74%
6 西新 44112
73%
18 薬院 26736
73%
36 赤間 15022
73%
43 二日市 13942
73%
48 箱崎 12634
73%
33 戸畑 16744
71%
27 南福岡 19422
70%
55 太宰府 11658
69%
77 橋本 8568
68%
56 行橋 11546
67%
57 八幡 11424
67%
93 直方 6510
67%
8 大橋 38622
66%
97 スペースワールド 6096
66%
89 新飯塚 6798
65%
20 東比恵 22882
64%
49 筑前前原 12534
64%
30 九大学研都市 17970
63%
40 博多南 14676
63%
11 千早 33587
62%
46 祇園 13682
62%
22 福工大前 21844
61%
31 西鉄二日市 17858
61%
51 古賀 12314
61%
83 長者原 7690
61%
19 唐人町 24984
60%
28 竹下 18940
59%
23 大濠公園 21722
58%
39 九産大前 14884
58%
12 赤坂 32166
56%
38 雑餉隈 14887
56%
42 櫛田神社前 14210
56%
63 新宮中央 10354
56%
72 七隈 9484
56%
54 馬出九大病院前 12090
52%
66 篠栗 9784
52%
71 南小倉 9534
52%
21 藤崎 22142
50%
82 九州工大前 8130
50%
86 原田 7016
50%
34 室見 15878
49%
25 春日原 20922
48%
59 城野 10792
48%
47 福大前 13508
47%
65 東郷 9824
47%
84 花畑 7370
47%
100 箱崎九大前 5472
47%
81 呉服町 8166
46%
78 箱崎宮前 8538
45%
99 枝光 5502
45%
69 千代県庁口 9560
44%
74 西鉄小郡 9236
44%
26 高宮 19583
43%
60 西鉄柳川 10676
41%
61 笹原 10620
41%
80 薬院大通 8376
41%
95 海老津 6414
41%
85 筑紫 7277
40%
64 渡辺通 10104
39%
29 六本松 18058
38%
44 別府 13874
38%
45 西鉄平尾 13689
37%
68 周船寺 9586
37%
94 6433
37%
62 今宿 10554
36%
24 井尻 21533
35%
76 野芥 8572
35%
88 次郎丸 6806
35%
52 朝倉街道 12186
33%
79 柚須 8446
33%
37 下大利 14950
32%
50 下曽根 12316
32%
87 都府楼前 6966
32%
73 白木原 9304
31%
92 千鳥 6604
31%
96 金山 6208
29%
90 賀茂 6700
23%
98 下山門 5596
23%
91 平和通 6665
15%
No matching quizzes found
Score Distribution
Percent of People with Each Score
Percentile by Number Answered
Your Score History
You have not taken this quiz